000
00247nam a22001217a 4500
008
180314b xxu||||| |||| 00| 0 eng d
041
_a
eng
080
_a
7
100
_a
42
101
_a
ART
245
_a
REMBRANDT
_c
HARRISON/H
942
_2
udc
_c
BK
999
_c
45034
_d
45034